LEADER 01544nam 2200397Ia 450 001 996385132003316 005 20200824120836.0 035 $a(CKB)4940000000068897 035 $a(EEBO)2264171888 035 $a(UnM)99898822_178089e 035 $a(UnM)99898822_178089 035 $a(EXLCZ)994940000000068897 100 $a19901002d1638 uy | 101 0 $aeng 135 $aurbn||||a|bb| 200 04$aThe golden meane$b[electronic resource] $eEnlarged by the first author. As it was formerly written to the Earle of Northumberland. Discoursing the noblenesse of perfect vertue in extremes 205 $a[Fiat 3o. Editio juxta hoc exemplar. Sa. Baker. Ex aedibus Lond. Maii 3. 1638]. 210 $aLondon $cprinted by J. H[aviland]. for John Benson, and are to be sold at his shop in S. Dunstans Church-yard$d1638 215 $a[6], 182 p 300 $aPrinter's name from STC. 300 $aWith an added engraved title page. 300 $aEdition statement from verso of title page, leaf A1. 300 $aReproductions of original in the Cambridge University Library, England. 330 $aeebo-0021 606 $aModeration$vEarly works to 1800 606 $aDevotional literature$vEarly works to 1800 606 $aChristian ethics$vEarly works to 1800 615 0$aModeration 615 0$aDevotional literature 615 0$aChristian ethics 701 $aBaker$b Sa$01009199 801 0$bCu-RivES 906 $aBOOK 912 $a996385132003316 996 $aThe golden meane$92329720 997 $aUNISA LEADER 01020nam a2200253 i 4500 001 991000840129707536 008 050217s1995 it b 000 0 ita d 035 $ab13280971-39ule_inst 040 $aDip.to Studi Giuridici$bita 082 0 $a346.44022 100 1 $aNegri, Alba$0229603 245 13$aLe consentement de la partie qui s'oblige :$b(profili storici in merito alla formazione del contratto) /$cAlba Negri 260 $a[Pescara] :$bEditrice Trimestre,$c[1995] 300 $a531 p. ;$c22 cm 504 $aInclude riferimenti bibliografici (p. 491-530) 650 4$aContratti 650 4$aPromessa unilaterale 650 4$aContratti unilaterali$xDiritto internazionale 907 $a.b13280971$b21-09-06$c17-02-05 912 $a991000840129707536 945 $aLE027 346.44 NEG01.01$g1$i2027000084760$lle027$og$pE15.00$q-$rl$s- $t0$u1$v0$w1$x0$y.i1400947x$z17-02-05 996 $aConsentement de la partie qui s'oblige$91108136 997 $aUNISALENTO 998 $ale027$b17-02-05$cm$da $e-$fita$git $h3$i0